20 największych wydarzeń w historii ludzkości - Statystyki

Ogólne statystyki
  • Ten quiz został rozwiązany 30 razy
  • Średni wynik to 10 z 20
Statystyki odpowiedzi
# Wskazówka Rok Odpowiedź % Poprawnych
1 Niemcy atakują to państwo, rozpoczynając II wojnę światową 1939-1945 Polska
96%
3 Ta postać chrześcijańska zostaje ukrzyżowana 30 Jezus Chrystus
89%
4 Na terenie tego państwa ma miejsce Rewolucja Przemysłowa ok. 1760-1770 Wielka Brytania
79%
8 Samoloty uderzają w ten budynek w Nowym Jorku 2001 World Trade Center
79%
9 Niemcy dokonują ludobójstwa głównie na ludzi z tej grupy etnicznej 1941-1945 Żydzi
79%
7 Stany Zjednoczone zrzucają bombę atomową na te dwa japońskie miasta 1945 Hiroszima, Nagasaki
75%
14 Stany Zjednoczone i Związek Radziecki walczą w tej "wojnie" 1947-1991 Zimna wojna
71%
18 Jan Gutenberg tworzy tą rzecz, która jest uznawana za najważniejszy wynalazek ludzkości ok. VII w. p.n.e. druk
68%
19 Turcy przejmują to miasto, co kończy istnienie Cesarstwa Bizantyjskiego 1453 Konstantynopol
68%
15 Ten włoski podróżnik odkrywa nowy kontynent 1492 Krzysztof Kolumb
68%
10 Ten astronauta jako pierwszy ląduje na księżycu 1969 Neil Armstrong
61%
2 W Sarajewie dochodzi do zamachu na tego następcę tronu Austro-Węgier, który rozpocznie Wielką Wojnę 1914-1918 Franciszek Ferdynand
46%
13 To państwo zostaje podzielone na wschód i zachód ok. 1440-1450 n.e. Cesarstwo Rzymskie
43%
12 Dochodzi do największego kryzysu gospodarczego w historii kapitalizmu 1929-1933 Wielki Kryzys
32%
17 Dochodzi do wojny między Stanami Zjednoczonymi a tym imperium, w wyniku którego USA zyskuje niepodległość 1775-1783 Brytyjskie
18%
16 Ludzie przechodzą od koczowniczego łowiectwa-zbieractwa do tego trybu życia ok. 10 000-4000 p.n.e. osiadły
14%
5 Ta bakteria wywołuje Czarną Śmierć, pandemię która zabija połowę Europejczyków 1346-1353 Pałeczka dżumy
14%
6 Zostaje uruchomiona pierwsza sieć komputerowa o tej nazwie, która wprowadza internet 1969 ARPANET
7%
11 W Amerykę Północną uderza ten huragan 2017 Harvey
4%
20 Ten statek tonie w północnym Atlantyku 1912 RMS Titanic
4%
Nie znaleziono quizów pasujących do podanych kryteriów
Rozkład punktacji
Procent ludzi z każdym wynikiem
Percentyl według liczby udzielonych odpowiedzi
Twoja historia wyników
Nie rozwiązałeś tego quizu